Urlaub und Reisen während der DDR-Zeit : (Titelsatznr. 39977)
[ MARC ]
| 000 -Satzkennung | |
|---|---|
| Kontrollfeld mit fester Länge | 00804nam a22002171c 4500 |
| 001 - Kontrollnummer | |
| Kontrollfeld | 655885838 |
| 008 - Feld mit fester Länge zur physischen Beschreibung - Allgemeine Angaben | |
| Kontrollfeld mit fester Länge | 161116s2011 gw a||| 000u ger d |
| 020 ## - Internationale Standardbuchnummer | |
| Internationale Standardbuchnummer | 9783942411370 |
| Verknüpfung | 978-3-942411-37-0 |
| 041 ## - Sprachcode | |
| Sprachcode des Textes/der Tonspur oder des separaten Titels | ger |
| 040 ## - Katalogisierungsquelle | |
| Übertragungsstelle | RU-10907106 |
| 003 - Kontrollnummer Identifier | |
| Kontrollfeld | RU-10907106 |
| 100 1# - Haupteintragung - Personenname | |
| Personenname | Friedreich, Sönke |
| 245 00 - Titel | |
| Titel | Urlaub und Reisen während der DDR-Zeit : |
| Zusatz zum Titel | zwischen staatlicher Begrenzung und individueller Selbstverwirklichung / |
| Verfasserangabe etc. | Sönke Friedreich |
| 264 ## - Produktion, Veröffentlichung, Distribution, Herstellung und Urheberrechtsvermerk | |
| Herstellungs-, Veröffentlichungs- Vertriebs-, Erzeugungsort | Dresden : |
| Produzent, Herausgeber, Distributor, Hersteller | Thelem, |
| Datum der Herstellung, der Veröffentlichung, des Vertriebs oder des Urheberschutzvermerks | 2011 |
| 300 ## - Physische Beschreibung | |
| Umfang | 154 S. : Ill., Kt. |
| 490 #0 - Gesamttitelangabe | |
| Gesamttitelangabe | Bausteine aus dem Institut für Sächsische Geschichte und Volkskunde |
| Bandnummer/Folgebezeichnung | 22 |
| 650 #0 - Nebeneintragung unter einem Schlagwort - Sachschlagwort | |
| Sachschlagwort oder geografischer Name als Eintragungselement | Urlaubsreise |
| 650 #0 - Nebeneintragung unter einem Schlagwort - Sachschlagwort | |
| Sachschlagwort oder geografischer Name als Eintragungselement | Erlebnis |
| 856 4# - Elektronische Adresse und Zugriff | |
| URL | <a href="http://www.tudpress.de/ThelemXTC2013/images/content/rez/DDR-Urlaub_1310_Bayerisches%20Jahrbuch_P%C3%B6ttler.pdf">http://www.tudpress.de/ThelemXTC2013/images/content/rez/DDR-Urlaub_1310_Bayerisches%20Jahrbuch_P%C3%B6ttler.pdf</a> |
| 942 ## - Zusätzliche Felder (Koha) | |
| Koha-Medientyp | Monographien |
| Ausgeschieden | Verloren | Klassifikation oder Aufstellungssystematik | Beschädigt | Nicht entleihbar | Heimatbibliothek | Aufenthaltsbibliothek | Aufstellungsort | Erwerbungsdatum | Inventarnummer | Signatur | Barcode | Letzte Aktivität | Preis gültig von | Koha-Medientyp |
|---|---|---|---|---|---|---|---|---|---|---|---|---|---|---|
| Andere/Generische Klassifikation | MWN Osteuropa | MWN Osteuropa | Lesesaal - 1 | 16/11/2016 | 16-04361 | D 54 k Fri 2 | E0040150790295A7 | 23/02/2021 | 22/03/2021 | Monographien |